<?xml version="1.0" encoding="UTF-8"?>
<record
    xmlns:xsi="http://www.w3.org/2001/XMLSchema-instance"
    xsi:schemaLocation="http://www.loc.gov/MARC21/slim http://www.loc.gov/standards/marcxml/schema/MARC21slim.xsd"
    xmlns="http://www.loc.gov/MARC21/slim">

  <leader>01009nam0a22002531  4500</leader>
  <controlfield tag="001">RU\NLR\A1SV\22310</controlfield>
  <controlfield tag="005">20251203171251.9</controlfield>
  <datafield tag="035" ind1=" " ind2=" ">
    <subfield code="a">(NLR Aleph) 009707244</subfield>
  </datafield>
  <datafield tag="090" ind1=" " ind2=" ">
    <subfield code="a">9816587</subfield>
    <subfield code="c">9816587</subfield>
  </datafield>
  <datafield tag="100" ind1=" " ind2=" ">
    <subfield code="a">20101030d1923    u  y0rusy50      ca</subfield>
  </datafield>
  <datafield tag="101" ind1="0" ind2=" ">
    <subfield code="a">rus</subfield>
  </datafield>
  <datafield tag="102" ind1=" " ind2=" ">
    <subfield code="a">RU</subfield>
  </datafield>
  <datafield tag="200" ind1="1" ind2=" ">
    <subfield code="a">&#x421;&#x431;&#x43E;&#x440;&#x43D;&#x438;&#x43A; &#x432;&#x43E;&#x441;&#x43F;&#x43E;&#x43C;&#x438;&#x43D;&#x430;&#x43D;&#x438;&#x439; &#x438;&#x437; &#x436;&#x438;&#x437;&#x43D;&#x438; 16-&#x439; &#x441;&#x442;&#x440;. "&#x418;&#x43C;&#x435;&#x43D;&#x438; &#x41A;&#x438;&#x43A;&#x432;&#x438;&#x434;&#x437;&#x435;" &#x434;&#x438;&#x432;&#x438;&#x437;&#x438;&#x438;, &#x43F;&#x43E;&#x441;&#x432;&#x44F;&#x449;&#x435;&#x43D;&#x43D;&#x44B;&#x439; &#x433;&#x43E;&#x434;&#x43E;&#x432;&#x449;&#x438;&#x43D;&#x435; &#x440;&#x430;&#x431;&#x43E;&#x447;&#x435;-&#x43A;&#x440;&#x435;&#x441;&#x442;&#x44C;&#x44F;&#x43D;&#x441;&#x43A;&#x43E;&#x439; &#x41A;&#x440;&#x430;&#x441;&#x43D;&#x43E;&#x439; &#x430;&#x440;&#x43C;&#x438;&#x438;</subfield>
    <subfield code="e">1918-1923</subfield>
    <subfield code="f">&#x428;&#x442;&#x430;&#x431; 16 &#x441;&#x442;&#x440;&#x435;&#x43B;&#x43A;. &#x438;&#x43C;. &#x41A;&#x438;&#x43A;&#x432;&#x438;&#x434;&#x437;&#x435; &#x434;&#x438;&#x432;&#x438;&#x437;&#x438;&#x438;</subfield>
  </datafield>
  <datafield tag="210" ind1=" " ind2=" ">
    <subfield code="a">&#x414;&#x435;&#x442;&#x441;&#x43A;&#x43E;&#x435; &#x441;&#x435;&#x43B;&#x43E;</subfield>
    <subfield code="d">1923</subfield>
  </datafield>
  <datafield tag="215" ind1=" " ind2=" ">
    <subfield code="a">32 &#x441;.</subfield>
    <subfield code="d">30 &#x441;&#x43C;</subfield>
  </datafield>
  <datafield tag="300" ind1=" " ind2=" ">
    <subfield code="a">&#x418;&#x441;&#x442;&#x43E;&#x447;&#x43D;&#x438;&#x43A;: &#x418;&#x441;&#x442;&#x43E;&#x440;&#x438;&#x44F; &#x441;&#x43E;&#x432;&#x435;&#x442;&#x441;&#x43A;&#x43E;&#x433;&#x43E; &#x43E;&#x431;&#x449;&#x435;&#x441;&#x442;&#x432;&#x430; &#x432; &#x432;&#x43E;&#x441;&#x43F;&#x43E;&#x43C;&#x438;&#x43D;&#x430;&#x43D;&#x438;&#x44F;&#x445; &#x441;&#x43E;&#x432;&#x440;&#x435;&#x43C;&#x435;&#x43D;&#x43D;&#x438;&#x43A;&#x43E;&#x432;. 1917-1957. &#x41C;., 1958. &#x2116; 459</subfield>
  </datafield>
  <datafield tag="620" ind1=" " ind2=" ">
    <subfield code="d">&#x41F;&#x443;&#x448;&#x43A;&#x438;&#x43D;</subfield>
  </datafield>
  <datafield tag="801" ind1=" " ind2="0">
    <subfield code="a">RU</subfield>
    <subfield code="b">NLR</subfield>
    <subfield code="c">20101030</subfield>
  </datafield>
  <datafield tag="899" ind1=" " ind2=" ">
    <subfield code="a">&#x420;&#x413;&#x411;</subfield>
  </datafield>
  <datafield tag="899" ind1=" " ind2=" ">
    <subfield code="a">&#x420;&#x413;&#x411;</subfield>
  </datafield>
  <datafield tag="942" ind1=" " ind2=" ">
    <subfield code="c">BOOK</subfield>
  </datafield>
  <datafield tag="980" ind1=" " ind2=" ">
    <subfield code="a">NB</subfield>
  </datafield>
  <datafield tag="980" ind1=" " ind2=" ">
    <subfield code="a">A1SV</subfield>
  </datafield>
</record>
